Catálogo
 En Linea

Entre osos, coyotes y glaciares : (Registro nro. 25677)

Detalles MARC
000 -CABECERA
campo de control de longitud fija 00803nam a2200229 a 4500
001 - NÚMERO DE CONTROL
campo de control 000026185
005 - FECHA Y HORA DE LA ÚLTIMA TRANSACCIÓN
campo de control 20200930024356.0
008 - DATOS DE LONGITUD FIJA--INFORMACIÓN GENERAL
campo de control de longitud fija 110303s1987 ag r 000 0 spa d
020 ## - NÚMERO INTERNACIONAL ESTÁNDAR DEL LIBRO
Número Internacional Estándar del Libro 9509097713
040 ## - FUENTE DE LA CATALOGACIÓN
Centro catalogador/agencia de origen DO-SdBNP
Lengua de catalogación spa
Centro/agencia transcriptor BNPHU
041 17 - CÓDIGO DE LENGUA
Código de lengua del texto/banda sonora o título independiente spa
Código de lengua original eng
082 ## - NÚMERO DE LA CLASIFICACIÓN DECIMAL DEWEY
Número de clasificación xxx
Número de documento/Ítem C678e
100 1# - ENTRADA PRINCIPAL--NOMBRE DE PERSONA
Nombre de persona Cohen, Michael,
Fechas asociadas al nombre 1944-
9 (RLIN) 53194
240 10 - TÍTULO UNIFORME
Título uniforme The Pathless way.
Lenguaje de la obra Español.
245 10 - MENCIÓN DE TÍTULO
Título Entre osos, coyotes y glaciares :
Resto del título John Muir, el hombre de los parques nacionales americanos /
Mención de responsabilidad, etc. Michael P. Cohen ; traducción Antonio Bonnano.
260 ## - PUBLICACIÓN, DISTRIBUCIÓN, ETC.
Lugar de publicación, distribución, etc. Buenos Aires, Argentina :
Nombre del editor, distribuidor, etc. Fraterna,
Fecha de publicación, distribución, etc. 1987.
300 ## - DESCRIPCIÓN FÍSICA
Extensión 525, p. ;
Dimensiones 21 cm.
490 1# - MENCIÓN DE SERIE
Mención de serie Libros del Tapir
504 ## - NOTA DE BIBLIOGRAFÍA, ETC.
Nota de bibliografía, etc. Incluye referencias bibliográficas (p. 513-515)
700 1# - PUNTO DE ACCESO ADICIONAL--NOMBRE DE PERSONA
Nombre de persona Bonnano, Antonio
Término indicativo de función/relación tr.
9 (RLIN) 45101
830 #0 - PUNTO DE ACCESO ADICIONAL DE SERIE-TÍTULO UNIFORME
Título uniforme Libros del Tapir
9 (RLIN) 53195
Existencias
Estado de retiro Estado de pérdida Restricciones de uso No para préstamo Código de colección Localización permanente Ubicación/localización actual Ubicación en estantería Fecha de adquisición Número de inventario Total de préstamos Signatura topográfica completa Código de barras Fecha visto por última vez Precio válido a partir de Tipo de ítem Koha
        Monografías: Libros y Folletos General General En catalogación 03.03.2011 LF1   xxx C678e 26185-10 25.06.2020 25.06.2020 Préstamo en sala

Con tecnología Koha